| 000 | 00999cam a22002294a 4500 | ||
|---|---|---|---|
| 005 | 20250605163923.0 | ||
| 008 | 250528s ||||||||||||||||||||||||d | ||
| 035 | _a14456 | ||
| 020 | _a826454119 | ||
| 040 |
_aGR-AtMCL _bgre _dGR-AtMCL _eAACR2 |
||
| 245 | 1 | _aAccounting and Finance in Business / Fourth Edition | |
| 250 | _a4th | ||
| 260 |
_bContinuum, _c1996 |
||
| 300 | _a634 | ||
| 520 | _aThis book provides a comprehensive introduction to accounting and finance, and is used on a variety of course including BTEC Higher National, undergraduate degree, RSA and LCCI. Introduction, Financial Accounting, Accounting Records, Sole Traders, Partnerships, Limited Liability Companies, Other Organizations, Management Accounting, Planning and Control, Costing and Pricing, Decision Making, Answers, Appendix: Discounted Cash Flow Tables, Index. | ||
| 700 | 1 |
_aBendrey Mike _9132 |
|
| 700 | 1 |
_aHussey Roger _9133 |
|
| 700 | 1 |
_aWest Colston _9134 |
|
| 942 | _cBK | ||
| 999 |
_c86 _d86 |
||